| 000 | 00586nam a2200205 a 4500 | ||
|---|---|---|---|
| 005 | 20140310183623.0 | ||
| 008 | 130212s19uu xx 00 eng d | ||
| 020 | _a9781439038871 | ||
| 050 |
_aHG 173 _b.M26 2010 |
||
| 100 | _aMadura, Jeff | ||
| 245 |
_aFinancial institutions and markets / _cJeff Madura. |
||
| 250 | _a9th ed.International ed. | ||
| 260 |
_aAustralia : _bSouth-Western, _c2010. |
||
| 300 |
_axxxvii, 714 p. : _bcol. ill. ; _c26 cm. |
||
| 500 | _aIncludes index | ||
| 521 | _aBSBA | ||
| 650 | _aFinancial institutions | ||
| 942 |
_cBK _2lcc _kFOR |
||
| 999 |
_c25460 _d25460 |
||